Statistics for Most Spoken African Language by African Country

Click here to take the quiz!

General Stats

  • This quiz has been taken 50 times
  • The average score is 17 of 48

Answers on the Map

Answers color-coded by a green-red scale on the quiz's map according to % correct below.
 

Answer Stats

CountrySpeakers%Answer% Correct
Tanzania52 209 00090%Swahili
86%
D.R.C.31 582 46443%Swahili
86%
Kenya39 427 50075%Swahili
86%
South Africa28 000 00054%Zulu
86%
Ethiopia56 800 00052%Amharic
83%
Djibouti524 00059%Somali
77%
Somalia9 324 25095%Somali
77%
Lesotho1 798 20090%Sotho
77%
Botswana1 669 68077%Tswana
69%
Burundi10 280 20098%Kirundi
63%
Niger10 658 96055%Hausa
60%
Nigeria52 000 00025%Hausa
60%
Eswatini1 004 15095%Swazi
60%
Rwanda8 148 69099%Kinyarwanda
57%
Zimbabwe14 000 00097%Shona
51%
Eritrea2 540 00048%Tigrinya
51%
Senegal11 336 00080%Wolof
46%
Guinea3 857 90035%Fula
37%
Mauritania900 00020%Fula
37%
Republic of the Congo2 778 31350%Kituba
34%
Zambia3 855 40037%Chewa
31%
Malawi9 545 87050%Chewa
31%
Ghana24 336 00080%Akan
26%
Central African Republic4 443 60092%Sango
23%
Mali17 111 25180%Bambara
17%
South Sudan4 500 00039%Dinka
17%
Togo1 921 00023%Ewe
17%
Uganda20 000 00044%Luganda
17%
Equatorial Guinea1 081 53486%Fang
14%
Gabon560 00032%Fang
14%
Algeria5 000 00014%Kabyle
14%
Angola12 740 00039%Umbundu
14%
Sudan2 000 0006%Beja
11%
Benin2 539 20024%Fon
11%
Gambia946 20038%Mandinka
11%
Burkina Faso11 560 38853%Mossi
11%
Chad1 000 0007%Ngambay
11%
Namibia1 054 77349%Ovambo
11%
Ivory Coast4 700 00018%Baoule
9%
Liberia1 058 44820%Kpelle
9%
Sierra Leone2 500 00047%Temne
9%
Guinea-Bissau397 00029%Balanta-Kentohe
6%
Tunisia11 0000.1%Djerbi
6%
Mozambique7 400 00035%Makhuwa
6%
Libya140 0002%Nafusi
6%
Egypt300 0000.3%Nobiin
6%
Morocco4 820 79014%Tashelhit
6%
Cameroon1 100 0004%Ghomala
3%

Score Distribution

Percentile by Number Answered

Percent of People with Each Score

Your Score History

You have not taken this quiz